Matroid theory /

Guardado en:
Autor Principal: Welsh, D. J. A.
Formato: Libro
Idioma:English
Publicado: London ; New York : Academic Press, 1976.
Series:L.M.S. monographs ; 8
Materias:
Etiquetas: Agregar Etiqueta
Sin Etiquetas, Sea el primero en etiquetar este registro!
LEADER 00666cam a2200229 a 4500
001 MAT.inmabb005779
008 770113s1976####enka#####b####001#0#eng##
005 20150701130415.0
245 1 0 |a Matroid theory /  |c D. J. A. Welsh. 
260 |a London ;  |a New York :  |b Academic Press,  |c 1976. 
300 |a xi, 433 p. :  |b diagrs. ;  |c 24 cm. 
440 0 |a L.M.S. monographs ;  |v 8 
504 |a Bibliografía: p. 402-423. 
500 |a Incluye índices. 
510 4 |a MR,  |c 55 #148 
020 |a 012744050X 
100 1 |a Welsh, D. J. A. 
650 0 |a Matroids. 
084 |a 05B35  |2 msc2000 
010 |a  76010493  
040 |a DLC  |c DLC  |d DLC 
859 |h 05  |i W461  |p A-4819  |b BIB. MATEMATICA